| 000 | 00630nam a2200181 a 4500 | ||
|---|---|---|---|
| 001 | 414 | ||
| 003 | CDMR | ||
| 005 | 20130116135154.0 | ||
| 008 | 130130s1989||||||||||||||||||||||||||||d | ||
| 040 |
_aCDMR _bcat _cCDMR |
||
| 100 | 1 |
_aGarcía Ferrer, Juan Manuel _9293 |
|
| 245 | 1 | 0 |
_aCatalà-Roca _bllibre editat per a la sessió que tingué lloc al Cine-club, el dia 14 de desembre de 1989 _cJ M García Ferrer i Martí Rom |
| 260 |
_aBarcelona _c1989 _bCol.legi Enginyers Industrials |
||
| 300 |
_a112 p ; _c21 cm |
||
| 500 | _aTextos sobre Pere Català Pic i fotografies fetes per ell | ||
| 600 | 1 | 4 |
_aCatalà Pic, Pere _9294 |
| 942 | _cMON | ||
| 999 |
_c414 _d414 |
||